000 00378nam a2200157Ia 4500
008 221007s9999 xx 000 0 und d
020 _aDB 11353
041 _aeng
082 _a338.0354
_bKHA
100 _aKhaire U, Ed.
_996624
245 _aIndustrial Directory of Pune
260 _bMCCIA
_aPune
500 _aIndustrial Directory
650 _aGeneral
906 _bGeneral
999 _c61045
_d61045